000 00465nam a2200193Ia 4500
005 20230805121539.0
008 131103s9999 xx 000 0 und d
020 _a425069915
_cRs.299
040 _aLoreto College
041 _aEnglish
082 _aF
_bGAR
100 _aGardner,John
245 _aIcebreaker
_cJohn Gardner
260 _aNew York
_bBarkley Books
_c1983
300 _a293 p.
650 _aFiction in English
850 _aLCLIB
942 _cBK
999 _c14450
_d64929